000 nam a22 7a 4500
999 _c44836
_d44836
005 20180604151324.0
008 180604b xxu||||| |||| 00| 0 eng d
040 _aANE
041 _aEs
082 _aTV-6328
100 _aVillavicencio, José
_ePresidente del Frente Unitario de Trabajadores (FUT)
245 _aJosé Villavicencio: antes que despidos, debe haber reubicación de personal
260 _aQuito
_bEcuavisa-Entrevista
_c2018-06-04
300 _ap.
520 _aJosé Villavicencio, presidente del Frente Unitario de Trabajadores (FUT), reconoció que en el país la organización sindical sigue siendo baja debido a que no hay la seguridad necesaria para garantizar la libertad sindical y contratación colectiva, tanto en el sector público como privado. Al comentar proyecto de Ley Orgánica de Fomento Productivo, Atracción de Inversiones, Generación de Empleo y Estabilidad y Equilibrio Fiscal, mencionó que si bien se plantea una reducción de empleados en las distintas instituciones públicas, ellos consideran que ese personal debe ser reubicado.
650 _aDespido Trabajadores / Jose Villavicencio, Frente Unitario Trabajadores (FUT) / Ecuavisa-Entrevista / organización sindical baja / no segurida necesaria garantizar / libertad sindical y contratación colectiva / sector público privado / Ley Orgánica Fomento Productivo / reducción empleados / instituciones públicas / personal reubicado /
942 _2ddc
_cVM
_zIES.